000 00513nam a2200217Ia 4500
005 20250425162706.0
008 250425s9999 xx 000 0 und d
020 _a0716716682
041 _aeng
082 _a153.15
100 _aBRANSFORD, JOHN D.
245 0 _aTHE IDEAL PROBLEM SOLVER
250 _aS.E
260 _aEstados Unidos
_bW.H. FREEMAN AND COMPANY
_c1984
260 _aNEW YORK
300 _a150
650 _aAPRENDIZAJE
700 _aSTEIN, BARRY S
942 _c01
010 _a97010
999 _c234456
_d234456